Government Of Ghana And Vodafone International Holdings B.V. And Ghana Telecommunication Company Limited Agreement Relating To The Sale And Purchase Of 70 Percent Of The Ordinary Shares In The Issued Share Capital Of Ghana Telecommunication Company Limited (Record no. 4844)

MARC details
000 -LEADER
fixed length control field 00867nam a22001697a 4500
003 - CONTROL NUMBER IDENTIFIER
control field OSt
005 - DATE AND TIME OF LATEST TRANSACTION
control field 20241126100425.0
008 - FIXED-LENGTH DATA ELEMENTS--GENERAL INFORMATION
fixed length control field 241126b |||||||| |||| 00| 0 eng d
041 ## - LANGUAGE CODE
Language code of text/sound track or separate title English
082 ## - DEWEY DECIMAL CLASSIFICATION NUMBER
Classification number PM/GTC/08 Acc. No. 10,433
110 ## - MAIN ENTRY--CORPORATE NAME
Corporate name or jurisdiction name as entry element Government Of Ghana And Vodafone International Holdings B.V. And Ghana Telecommunication Company Limited
245 ## - TITLE STATEMENT
Title Government Of Ghana And Vodafone International Holdings B.V. And Ghana Telecommunication Company Limited Agreement Relating To The Sale And Purchase Of 70 Percent Of The Ordinary Shares In The Issued Share Capital Of Ghana Telecommunication Company Limited
260 ## - PUBLICATION, DISTRIBUTION, ETC.
Place of publication, distribution, etc. Accra
Name of publisher, distributor, etc. Parliament Of Ghana
Date of publication, distribution, etc. 3rd July, 2008
300 ## - PHYSICAL DESCRIPTION
Extent 83p. 7Tabs
650 ## - SUBJECT ADDED ENTRY--TOPICAL TERM
Source of heading or term Sale And Purchase Of 70 Percent Of The Ordinary Shares In The Issued Share Capital Of Ghana Telecommunication Company Limited
942 ## - ADDED ENTRY ELEMENTS (KOHA)
Source of classification or shelving scheme Dewey Decimal Classification
Koha item type Agreements
Suppress in OPAC No
Holdings
Withdrawn status Lost status Source of classification or shelving scheme Damaged status Not for loan Home library Current library Shelving location Date acquired Total checkouts Full call number Date last seen Copy number Price effective from Koha item type
    Dewey Decimal Classification     Main Library Main Library Open Shelves 26/11/2024   PM/GTC/08 Acc. No. 10,433 26/11/2024 1 26/11/2024 Agreements
©2026  Parliament of Ghana Library - All rights reserved